| 000 | 00510 a2200193 4500 | ||
|---|---|---|---|
| 001 | 065993 | ||
| 003 | OSt | ||
| 005 | 20251211105047.0 | ||
| 008 | |||
| 082 |
_a325.3 _bR27R |
||
| 245 | 1 |
_aRelocating postcolonialism _cedited by David Thea Goldbog and ATO Quaysom |
|
| 260 |
_aUSA _bBlackwell Publishing _c2002 |
||
| 300 | _a371p. | ||
| 500 | _aEnglish | ||
| 690 | _aPostcolonialism | ||
| 700 | _eGoldbog, David Thea, ed. | ||
| 700 | _eQuaysom, ATO, ed. | ||
| 942 |
_2ddc _cBK |
||
| 999 |
_c202 _d202 |
||